|
|
|
|
| LEADER |
01541nam a22003494a 4500 |
| 001 |
39775 |
| 003 |
BD-DhAAL |
| 008 |
221019t2005 enka b 001 0 eng d |
| 999 |
|
|
|c 44983
|d 44983
|
| 010 |
|
|
|a 2005003304
|
| 020 |
|
|
|a 1844070883 (pbk.)
|
| 020 |
|
|
|a 9781844070886
|
| 020 |
|
|
|a 1844070875
|
| 035 |
|
|
|a (OCoLC)ocm57641361
|
| 040 |
|
|
|a DLC
|c DLC
|d YDX
|d BAKER
|d IXA
|d DLC
|d BD-DhAAL
|
| 042 |
|
|
|a pcc
|
| 050 |
0 |
0 |
|a HD75
|b .C4536 2005
|
| 082 |
0 |
0 |
|a 338.9
|2 23
|
| 100 |
1 |
|
|a Chambers, Robert,
|d 1932-
|9 51946
|
| 245 |
1 |
0 |
|a Ideas for development /
|c Robert Chambers.
|
| 260 |
|
|
|a London ;
|a Sterling, VA :
|b Earthscan,
|c 2005.
|
| 300 |
|
|
|a xxviii, 259 pages :
|b illustrations ;
|c 24 cm.
|
| 504 |
|
|
|a Includes bibliographical references (pages [221]-251) and index.
|
| 505 |
0 |
|
|a Words and ideas : commitment, continuity and irreversibility -- Aid and administrative capacity -- Procedures, principles and power -- Participation : review, reflections and future -- PRA, participation and going to scale -- Behaviour, attitudes and beyond -- For the future.
|
| 541 |
|
|
|a Donated By Akbar Ali Khan
|e 39775
|
| 650 |
|
0 |
|a Economic development.
|9 51947
|
| 650 |
|
0 |
|a Sustainable development.
|9 51948
|
| 650 |
|
0 |
|a Rural development.
|9 51949
|
| 650 |
|
0 |
|a Economics.
|9 51950
|
| 852 |
|
|
|a Ayesha Abed Library
|c Akbar Ali Khan Collection
|
| 942 |
|
|
|2 ddc
|c BK
|
| 952 |
|
|
|0 0
|1 0
|2 ddc
|4 0
|6 338_900000000000000_CHA
|7 1
|9 72123
|a BRACUL
|b BRACUL
|c CS1
|d 2022-10-19
|e Donated by Akbar Ali Khan
|g 947.32
|l 0
|o 338.9 CHA
|p 3010039775
|r 2022-10-19
|t 1
|w 2022-10-19
|y BK
|x $8.99
|